000 00603cam a22002177a 4500
001 001637
003 armpunfd
005 20140612090646.0
008 050520e0####xx#a##########000#0#und#d
040 _aarmpunfd
_carmpunfd
080 _aV 249
100 1 0 _a Valls, Ramon
245 1 0 _aEtica para la bioetica : y a ratos para la politica
260 _a Arcelona : Gedisa
_b2003. Isbn : 84-7432-978-7. 223 P.
650 7 _a Bioetica
_2LEMB
650 7 _a Etica
_2LEMB
650 7 _a Historia De La Etica
_2LEMB
650 7 _a Politica
_2LEMB
942 _cLB
_2cdu
945 _aCatalis
_d2010-08-19
999 _c1628
_d232132